| 000 | 02087nam1a2200301 4500 | ||
|---|---|---|---|
| 001 | RU\NLR\BIBL_A\012150848 | ||
| 005 | 20241114221638.0 | ||
| 010 | _a9785799626822 | ||
| 035 | _a(NLR Aleph) 012150848 | ||
| 090 |
_a12147515 _c12147515 |
||
| 100 | _a20191202g20199999u y0rusy50 ca | ||
| 101 | 0 | _arus | |
| 102 | _aRU | ||
| 105 | _a j | ||
| 200 | 1 |
_aТехнология керамики для материалов электронной промышленности _eучебное пособие _eдля студентов, обучающихся по направлениям подготовки 18.03.01 и 18.04.01 - Химическая технология _eв двух частях _fА. С. Толкачева, И. А. Павлова _gМинистерство науки и высшего образования Российской Федерации, Уральский федеральный университет имени первого Президента России Б. Н. Ельцина, [Институт новых материалов и технологий] |
|
| 210 |
_aЕкатеринбург _cИзд-во Уральского университета _d2019- |
||
| 215 | _d25 | ||
| 606 | 1 |
_aКерамические материалы композиционные _jУчебные издания для высших учебных заведений _92419736 _3RU\NLR\AUTH\661441108 |
|
| 606 |
_aРадиоэлектронная аппаратура _jУчебные издания для высших учебных заведений _xКерамические материалы _92563968 _3RU\NLR\AUTH\661516550 |
||
| 686 | 1 | _aЛ428я73-1 | |
| 686 | 1 | _aЗ843.411я73-1 | |
| 700 | 1 |
_aТолкачева _bА. С. _gАнна Сергеевна |
|
| 701 | 1 |
_aПавлова _bИ. А. _cканд. техн. наук, хим. технологии _gИрина Аркадьевна _9146761 _3RU\NLR\AUTH\770146797 |
|
| 852 |
_aNLR _j2019-7/7198 |
||
| 942 | _cBOOK | ||
| 980 | _aNBR | ||